[Event "Foment Martinenc op-C 16th"]
[Site "Barcelona"]
[Date "2014.06.07"]
[Round "7"]
[White "De Blois Afanasiyadi, Natasha"]
[Black "Gil Hidalgo, Abel"]
[Result "1-0"]
[WhiteElo "1733"]
[BlackElo "1700"]
[PlyCount "105"]
[EventDate "2014.04.26"]
[EventType "swiss"]
[EventRounds "9"]
[EventCountry "ESP"]
[SourceTitle "EXT 2015"]
[Source "ChessBase"]
[SourceDate "2014.11.20"]
[SourceVersion "1"]
[SourceVersionDate "2014.11.20"]
[SourceQuality "1"]

1. e4 e5 2. Nf3 Nc6 3. Bc4 h6 4. c3 Nf6 5. 0-0 Nxe4 6. Re1 d5 7. d4 Bg4 8. dxe5 Be6 9. Bb5 Bc5 10. Be3 Bxe3 11. Rxe3 0-0 12. Nbd2 Ne7 13. Nxe4 dxe4 14. Qxd8 Raxd8 15. Rxe4 c6 16. Bc4 Bf5 17. Rd4 b5 18. Bb3 Ng6 19. Re1 Rfe8 20. Rxd8 Rxd8 21. e6 Bxe6 22. Bxe6 fxe6 23. Rxe6 Nf4 24. Re1 Nd3 25. Rd1 c5 26. Ne5 c4 27. Kf1 Rf8 28. Nxd3 cxd3 29. Rxd3 a6 30. Rd6 a5 31. Rd5 Rb8 32. Ke2 Kf7 33. Kd2 Ke6 34. Rd4 Rf8 35. f3 g5 36. c4 bxc4 37. Rxc4 Kd5 38. Ra4 Ra8 39. b4 Kc6 40. Rxa5 Rd8+ 41. Ke2 Kb6 42. a4 Rd4 43. Rb5+ Ka6 44. Ke3 Rc4 45. Rb8 Rc3+ 46. Kf2 Ra3 47. a5 Ka7 48. Rb6 h5 49. b5 h4 50. Rg6 Rxa5 51. Ra6+ Rxa6 52. bxa6 Kxa6 53. Ke3 1-0

[Event "Foment Martinenc op-C 16th"]
[Site "Barcelona"]
[Date "2014.04.26"]
[Round "1"]
[White "Gil Hidalgo, Abel"]
[Black "Shih Gould, Annie"]
[Result "0-1"]
[WhiteElo "1700"]
[BlackElo "1765"]
[PlyCount "108"]
[EventDate "2014.04.26"]
[EventType "swiss"]
[EventRounds "9"]
[EventCountry "ESP"]
[SourceTitle "EXT 2015"]
[Source "ChessBase"]
[SourceDate "2014.11.20"]
[SourceVersion "1"]
[SourceVersionDate "2014.11.20"]
[SourceQuality "1"]

1. e4 c5 2. Nf3 d6 3. Bc4 Nf6 4. d3 Nc6 5. 0-0 g6 6. Re1 Bg7 7. c3 a6 8. Ng5 e6 9. Nd2 0-0 10. a4 d5 11. Ba2 b5 12. e5 Nxe5 13. Ndf3 Nxf3+ 14. Qxf3 bxa4 15. Be3 Qb6 16. Qe2 d4 17. cxd4 cxd4 18. Bf4 Bb7 19. Rab1 Qc6 20. f3 Rac8 21. Rbc1 Qb5 22. Rxc8 Rxc8 23. Nxe6 Re8 24. Bc4 Qc6 25. Qf2 fxe6 26. Qxd4 Ng4 27. Bxe6+ Rxe6 28. Qd8+ Bf8 29. Rxe6 Qxe6 30. Bg3 Qe3+ 31. Kf1 Qc1+ 32. Be1 Nxh2+ 33. Kf2 Qxb2+ 34. Kg3 Qe5+ 35. f4 Qxe1+ 36. Kxh2 Qf2 37. Qg5 Kg7 38. Qe5+ Kg8 39. Qe6+ Kh8 40. Qe5+ Kg8 41. Qe6+ Kg7 42. Qe5+ Kh6 43. Qg5+ Kg7 44. Qe5+ Kf7 45. Qc7+ Be7 46. Qxb7 Qxf4+ 47. g3 Qf2+ 48. Kh3 Qf5+ 49. Kh2 Qxd3 50. Kh3 a3 51. Qg2 Qf5+ 52. g4 Qd3+ 53. Kh2 Bd6+ 54. Kh1 Qd1+ 0-1

[Event "Foment Martinenc op-B 15th"]
[Site "Barcelona"]
[Date "2013.04.20"]
[Round "1"]
[White "Gil Hidalgo, Abel"]
[Black "Gibert Juan, Ramon"]
[Result "0-1"]
[WhiteElo "1700"]
[BlackElo "1654"]
[PlyCount "80"]
[EventDate "2013.04.20"]
[EventType "swiss"]
[EventRounds "9"]
[EventCountry "ESP"]
[SourceTitle "CBM 154 Extra"]
[Source "ChessBase"]
[SourceDate "2013.06.25"]
[SourceVersion "2"]
[SourceVersionDate "2013.06.25"]
[SourceQuality "1"]

1. e4 e6 2. Nf3 d5 3. e5 c5 4. d4 Nc6 5. Be3 cxd4 6. Nxd4 Nxe5 7. Bb5+ Bd7 8. 0-0 Bxb5 9. Nxb5 a6 10. Nd4 Nf6 11. Re1 Be7 12. h3 0-0 13. Nd2 Rc8 14. Bg5 Nc4 15. b3 Nxd2 16. Qxd2 Ne4 17. Bxe7 Qxe7 18. Qe3 Rc3 19. Qe2 Rfc8 20. Rac1 Qf6 21. Nf3 Nc5 22. Qe5 Ne4 23. Re3 Qxe5 24. Nxe5 Rxc2 25. Ra1 Rc1+ 26. Rxc1 Rxc1+ 27. Kh2 Nxf2 28. Re2 Rh1+ 29. Kg3 Ne4+ 30. Kf3 Rf1+ 31. Ke3 Rc1 32. Nd3 Rc3 33. Kd4 Rc7 34. Ne5 Nc3 35. Rb2 Nb5+ 36. Ke3 Rc3+ 37. Kd2 Rg3 38. Kc1 Nd4 39. Kb1 Re3 40. Nd7 Re1# 0-1